| Tag |
First Indicator |
Second Indicator |
Subfields |
| LEADER |
00000cas a2200000 a 4500 |
| 001 |
in00004124530 |
| 005 |
20200624094138.0 |
| 008 |
840807d19371947it qr p 0 0ita |
| 010 |
|
|
|a 2006220084
|
| 035 |
|
|
|a (OCoLC)ocm11028291
|
| 040 |
|
|
|a MFM
|b eng
|c MFM
|d OCL
|d OCLCQ
|d AGL
|d UKMGB
|d OCLCQ
|d OCLCF
|d OCLCO
|d OCLCA
|d OCLCQ
|
| 016 |
7 |
|
|a 009226873
|2 Uk
|
| 029 |
1 |
|
|a AU@
|b 000040420129
|
| 029 |
1 |
|
|a UKMGB
|b 009226873
|
| 035 |
|
|
|a (OCoLC)11028291
|
| 042 |
|
|
|a pcc
|
| 043 |
|
|
|a e-it---
|
| 050 |
|
4 |
|a SB354
|b .R4
|
| 070 |
0 |
|
|a 80
|b R52
|
| 072 |
|
0 |
|a F110
|
| 090 |
|
|
|a SB354
|b .F74
|
| 049 |
|
|
|a TXAM
|
| 245 |
0 |
0 |
|a Rivista di frutticultura /
|c a cura dell'Azienda Agraria Ravennate.
|
| 246 |
3 |
|
|a Rivista di fruticoltura
|f 1941-1947
|
| 264 |
|
1 |
|a Ravenna :
|b Azienda agraria ravennate,
|c 1937-1947.
|
| 300 |
|
|
|a 9 volumes :
|b illustrations ;
|c 25 cm
|
| 310 |
|
|
|a Quarterly
|
| 336 |
|
|
|a text
|b txt
|2 rdacontent
|
| 337 |
|
|
|a unmediated
|b n
|2 rdamedia
|
| 338 |
|
|
|a volume
|b nc
|2 rdacarrier
|
| 362 |
0 |
|
|a Vol. 1, n. 1 (genn. 1937)-v. 9, n. 1 (genn. 1947).
|
| 500 |
|
|
|a Title from cover.
|
| 515 |
|
|
|a Suspended 1944-1945; v. 8 (1946) complete in one issue.
|
| 650 |
|
0 |
|a Fruit-culture
|v Periodicals.
|
| 650 |
|
0 |
|a Fruit-culture
|z Italy
|v Periodicals.
|
| 650 |
|
7 |
|a Fruit-culture.
|2 fast
|0 (OCoLC)fst00935739
|
| 651 |
|
7 |
|a Italy.
|2 fast
|0 (OCoLC)fst01204565
|
| 655 |
|
7 |
|a Periodicals.
|2 fast
|0 (OCoLC)fst01411641
|
| 785 |
0 |
0 |
|t Rivista di frutticoltura, viticoltura ed orticoltura
|w (DLC) 2006220085
|w (OCoLC)11024628
|
| 850 |
|
|
|a DNAL
|
| 994 |
|
|
|a C0
|b TXA
|
| 949 |
|
|
|a updated
|b h
|c 2020/6/24
|e coplinger
|f 9:41:28 am
|
| 999 |
f |
f |
|s 6df49ce7-1d38-38e7-9fed-1442710791cc
|i f1319c87-5721-367a-ae49-a927b43dcc9c
|t 0
|
| 952 |
f |
f |
|p ric
|a Texas A&M University
|b Rellis Campus
|c Joint Library Facility
|d Remote Storage
|t 0
|e SB354 .F74
|h Library of Congress classification
|i unmediated -- volume
|k v.7:n.4
|l 1943:ott.
|m A14851056649
|
| 952 |
f |
f |
|p ric
|a Texas A&M University
|b Rellis Campus
|c Joint Library Facility
|d Remote Storage
|t 0
|e SB354 .F74
|h Library of Congress classification
|i unmediated -- volume
|k v.3
|l 1939
|m A14851056631
|
| 952 |
f |
f |
|p ric
|a Texas A&M University
|b Rellis Campus
|c Joint Library Facility
|d Remote Storage
|t 0
|e SB354 .F74
|h Library of Congress classification
|i unmediated -- volume
|k v.2
|l 1938
|m A14851056763
|
| 952 |
f |
f |
|p ric
|a Texas A&M University
|b Rellis Campus
|c Joint Library Facility
|d Remote Storage
|t 0
|e SB354 .F74
|h Library of Congress classification
|i unmediated -- volume
|k v.1:n.1,3-4
|l 1937:genn.,luglio-ott.
|m A14851056490
|
| 952 |
f |
f |
|p ric
|a Texas A&M University
|b Rellis Campus
|c Joint Library Facility
|d Remote Storage
|t 0
|e SB354 .F74
|h Library of Congress classification
|i unmediated -- volume
|k v.4
|l 1940
|m A14851056508
|
| 998 |
f |
f |
|a SB354 .F74
|s v.9:n.1 (1947:genn.)
|t 0
|l Remote Storage
|